| 000 | 00512 a2200169 4500 | ||
|---|---|---|---|
| 999 |
_c5151 _d5151 |
||
| 020 | _a9781405051637 | ||
| 050 | _aPR6060 JAM 2004 | ||
| 100 |
_aJames, Peter _eauthor |
||
| 245 |
_aDead simple / _cPeter James |
||
| 264 |
_aLondon : _bMacmillan, _c2004. |
||
| 300 | _a369p. : | ||
| 500 | _aNovel | ||
| 650 | _aMissing persons -- Investigation -- England -- Sussex -- Fiction. | ||
| 650 | _aPolice -- England -- Sussex -- Fiction. | ||
| 650 | _aMissing persons -- Investigation. | ||
| 942 |
_2lcc _cBK _h6060 _iJAM _kPR |
||